QUEST Central Library Banner

English Grammar in Use : a self-study reference and practice book for Intermediate liners of English (Record no. 58035)

MARC details
000 -LEADER
fixed length control field 00773nam a22002537a 4500
003 - CONTROL NUMBER IDENTIFIER
control field PK-NaQUE
005 - DATE AND TIME OF LATEST TRANSACTION
control field 20260520140834.0
008 - FIXED-LENGTH DATA ELEMENTS--GENERAL INFORMATION
fixed length control field 260520b |||||||| |||| 00| 0 eng d
020 ## - INTERNATIONAL STANDARD BOOK NUMBER
International Standard Book Number 052118939X (paperback)
020 ## - INTERNATIONAL STANDARD BOOK NUMBER
International Standard Book Number 9780521189392 (paperback)
040 ## - CATALOGING SOURCE
Transcribing agency QUEST
082 ## - DEWEY DECIMAL CLASSIFICATION NUMBER
Classification number 428.24MUR
100 ## - MAIN ENTRY--PERSONAL NAME
Personal name Murphy, Raymond.
245 ## - TITLE STATEMENT
Title English Grammar in Use : a self-study reference and practice book for Intermediate liners of English
250 ## - EDITION STATEMENT
Edition statement 4th edition
260 ## - PUBLICATION, DISTRIBUTION, ETC. (IMPRINT)
Place of publication, distribution, etc Cambridge:
Name of publisher, distributor, etc Cambridge University Press,
Date of publication, distribution, etc 2012.
300 ## - PHYSICAL DESCRIPTION
Extent 380p. ;
650 ## - SUBJECT ADDED ENTRY--TOPICAL TERM
Topical term or geographic name as entry element English language
650 ## - SUBJECT ADDED ENTRY--TOPICAL TERM
Topical term or geographic name as entry element Formation
650 ## - SUBJECT ADDED ENTRY--TOPICAL TERM
Topical term or geographic name as entry element Grammar
650 ## - SUBJECT ADDED ENTRY--TOPICAL TERM
Topical term or geographic name as entry element Problems, exercises
856 ## - ELECTRONIC LOCATION AND ACCESS
Uniform Resource Identifier <a href="http://10.10.170.122:8080/browse/book/497">http://10.10.170.122:8080/browse/book/497</a>
Link text Download eBook
942 ## - ADDED ENTRY ELEMENTS (KOHA)
Koha item type Books
Source of classification or shelving scheme Dewey Decimal Classification
Holdings
Withdrawn status Lost status Damaged status Not for loan Home library Current library Date acquired Cost, normal purchase price Total Checkouts Full call number Barcode Date last seen Price effective from Koha item type Shelving location
        Central Library, QUEST, Nawabshah Central Library, QUEST, Nawabshah 26/10/2017 5206.00   428.24MUR 56809 26/10/2017 26/10/2017 Books  
        Central Library, QUEST, Nawabshah Central Library, QUEST, Nawabshah 26/10/2017 5206.00   428.24MUR 56810 26/10/2017 26/10/2017 Books  
        Central Library, QUEST, Nawabshah Central Library, QUEST, Nawabshah 22/10/2014 931.00   428.24MUR 50665 20/05/2026 20/05/2026 Books  
        Central Library, QUEST, Nawabshah Central Library, QUEST, Nawabshah 22/10/2014 931.00   428.24MUR 50666 20/05/2026 20/05/2026 Books  
        Reference Section Reference Section 22/11/2015     428.2MUR (Shelf - 25C) 53429 20/05/2026 20/05/2026 Books Reference

Copyright © 2018,The QUEST, Nawabshah, Shaheed Benazirabad. All rights reserved
Mr. G. Farooq Channar (Librarian) QUEST, Nawabshah, Sindh, Pakistan 67480.
 Ph#: |   0244-9370381-4 Ext. 2308   Email| lib@quest.edu.pk   Web|  http://www.quest.edu.pk